000 00606na a2200241 4500
001 18681
003 MIRAKIL
005 20181213155121.0
008 161124b tu 000 0
020 _a9752884571
035 _a18681
040 _aMilas
_btur
_cTR-AnCHP
041 _atur
082 _a350
_bE45 2003
090 _a350 E45 2003
100 _aEkinci, Yılmaz
245 _a21. yüzyılda kamu yönetimi ve yöneticileri
_cYılmaz Ekinci
260 _aBursa
_bAkmat
_c2003
300 _a194 s.
_c24 sm.
650 _aKamu yöneticileri
650 _aKamu yönetimi
942 _2ddc
_cBKS
999 _c6849
_d6849